| 000 | 00532nam a2200205Ia 4500 | ||
|---|---|---|---|
| 003 | OSt | ||
| 005 | 20230607154043.0 | ||
| 008 | 210423s2000 xx 000 0 und d | ||
| 040 | _cAL | ||
| 041 | _aeng | ||
| 082 |
_a307.76 _223 _bDESI |
||
| 100 |
_aDESRODERE (John),Ed _9121778 |
||
| 245 | _aIndias growing slums | ||
| 260 |
_aBangalore _bCentre for social action _c2000 |
||
| 365 |
_b80 _cINR |
||
| 650 |
_aSociology _9121779 |
||
| 650 |
_aUrban Communities _9121780 |
||
| 906 | _agrowing ; Indias ; slums | ||
| 942 |
_2ddc _cBK |
||
| 999 |
_c175108 _d175108 |
||